=LDR 00000nam 2200000 4500 =001 INLIS000000000000622 =005 20150406090823.0 =006 =007 =008 Ind =035 ##$$0010-061300000000622 =041 ##$$a Ind =082 ##$$a 92(Gobel) =090 ##$$a 92(Gobel) Ram g =100 ##$$a Ramadhan KH =245 ##$$a Gobel, pustaka elektronika Indonesia dengan falsafah usaha pohon pisang / Ramadhan KH =260 ##$$a Jakarta $b Pustaka Sinar Harapan $c 1994 =300 ##$$a xxiii, 532 hlm. : ilus. ; 21 cm =650 ##$$a Gobel, Thayeb Mohammad =850 ##$$a NBPNMAT